000 00974cam a2200229 4500
001 ABS66281
008 030103n2002 000 0 eng u
035 _a(Sirsi) u120892
100 _aPatterson, F
245 _aPractice 207
260 _c2002
490 _aRIBA Journal
_v 109(10) October 2002, 77-82(4)
520 _aA series of three articles giving practical information. The first article examines professional indemnity insurance (PII) and the pitfalls of changing your insurer, the second explains what Limited Liability Partnerships (LLPs) are and compares LLPs with companies and the third outlines the tax implications of moving to an LLP.
590 _aABS
650 _aPROFESSIONAL INDEMNITY INSURANCE
650 _aPROFESSIONAL INDEMNITY INSURANCE
650 _aLIMITED LIABILITY PARTNERSHIPS
650 _aLIMITED LIABILITY PARTNERSHIPS
650 _aTAXATION
690 _aMANAGEMENT-BUSINESS MANAGEMENT-PROFESSIONAL PRACTICE
942 _n0
999 _c71859
_d71859